000 00659nam a2200277Ia 4500
005 20260324140456.0
008 008 260324s9999 xx 000 0 eng d
020 _a9781003557050
037 _aEBOOK
040 _aCRL
040 _beng
040 _cCRL
041 _2eng
041 _aeng
084 _qCRL
100 _aJames McKinnon
_91204529
245 4 _aThe Temple, the Church Fathers and Early Western Chant
260 _bTaylor and Francis
260 _c1998
365 _a
365 _b62.99
856 _uhttp://www.taylorfrancis.com/books/9781003557050
942 _cEBOOK
999 _c1806665
_d1806665